Anglicko-český ekonomický slovník s výkladem, výslovností a českým rejstříkem
Salvato in:
| Autore principale: | |
|---|---|
| Altri autori: | |
| Natura: | Libro |
| Lingua: | ceco inglese |
| Pubblicazione: |
Voznice
LEDA
2000
|
| Edizione: | 2. vyd. |
| Serie: | Longman dictionary of business english
|
| Soggetti: | |
| Tags: |
Nessun Tag, puoi essere il primo ad aggiungerne!!
|
MARC
| LEADER | 00000nam a2200000 4500 | ||
|---|---|---|---|
| 001 | c117830 | ||
| 005 | 20221123132518.1 | ||
| 020 | |a 80-85927-70-5 | ||
| 041 | 0 | |a cze | |
| 041 | 0 | |a eng | |
| 044 | |a CZ | ||
| 245 | 1 | 0 | |a Anglicko-český ekonomický slovník |b s výkladem, výslovností a českým rejstříkem |c J.H. Adam ; [preklad: Jiří Elman] |
| 250 | |a 2. vyd. | ||
| 264 | 1 | |a Voznice |b LEDA |c 2000 | |
| 300 | |a 803 s. | ||
| 490 | 1 | |a Longman dictionary of business english | |
| 830 | 0 | |a Longman dictionary of business english | |
| 610 | 2 | 0 | |a terminológia |
| 610 | 2 | 0 | |a ekonómia |
| 610 | 2 | 0 | |a jazykoveda |
| 100 | 1 | |a Adam, J.H. | |
| 700 | 1 | |a Elman, Jiří | |